000 00679nam a2200193 4500
001 138377
003 ES-MaACL
005 20230906195544.0
007 t|
008 070214s1902 sp r ||||1| spa d
100 1 _aSand, George,
_d1804-1876
_9103060
245 1 3 _aUn invierno en Mallorca /
_cJorge Sand [seud. de Armandine Lucile Aurore Dupin] ; traducido y anotado por Pedro Estelrich con un prólogo de Gabriel Alomar.
260 _aPalma :
_bBartolomé Rotger,
_c1902.
300 _a411, 219 p. ;
_c20 x 13 cm.
700 1 _aEstelrich, Pedro (
_d1844-1912)
_948106
700 1 _aAlomar, Gabriel.
_920175
852 _aES-MaACL
_jG-11669
999 _c138377
_d138377